00790nas a2200229Ia 4500001001200000003001000012008004100022040002500063041001300088100002300101210002500124222002500149245002400174250001100198260000900209501012300218300001300341362002900354500012100383650004500504700001100549dg85-38322 IT-MiCISF161014c99999999xx |||||||||||| ||und|| aIT-MiCISFcIT-MiCISF aITALIANO aMariani Antonella  aNoi genitori e figli aNoi genitori e figli 0aConsultori al bivio a1a ed. c2003 bCISF - Centro Internazionale Studi Famiglia - Via Giotto, 36 20145 MILANO (non commercial uses only)cCopyright 2016 app. 8-20 a n. 67, settembre [2003] aMarcone G., Solinas G.M., Santolini L., Galli A., Zanotti C., Nardi D., Torti A. Tema: consultori, storia, società aFAMIGLIA - consulenza familiarevdossier aAA.VV.